| 000 | 00681cam a2200193 4500 | ||
|---|---|---|---|
| 001 | WB3723-14 | ||
| 008 | 000000n2001 000 0 eng u | ||
| 035 | _a(Sirsi) u113066 | ||
| 245 | _aScotland's first national park | ||
| 260 | _c2001 | ||
| 490 |
_aIndependent _v 12 June 2001, 11(1) |
||
| 520 | _aThe Scottish Executive has launched the final consultation on the plans for Scotland's first national park. The draft boundaries will cover 600sq m, with Loch Lomond at its centre. | ||
| 590 | _aWB | ||
| 650 | _aNATIONAL PARKS | ||
| 650 | _aSCOTLAND | ||
| 650 | _aSCOTTISH EXECUTIVE | ||
| 690 | _aENVIRONMENTAL AND LAND CONSULTANCY-ENVIRONMENTAL MANAGEMENT | ||
| 942 | _n0 | ||
| 999 |
_c67305 _d67305 |
||